Library Banner

Medical biochemistry (Record no. 63560)

MARC details
000 -LEADER
fixed length control field 00466nam a2200181Ia 4500
001 - CONTROL NUMBER
control field 62998
008 - FIXED-LENGTH DATA ELEMENTS--GENERAL INFORMATION
fixed length control field 150107s9999 xx 000 0 und d
020 ## - INTERNATIONAL STANDARD BOOK NUMBER
International Standard Book Number 9788184487282
040 ## - CATALOGING SOURCE
Transcribing agency PK-LaUMT
082 ## - DEWEY DECIMAL CLASSIFICATION NUMBER
Classification number 616.0756
Item number ARO-M
100 ## - MAIN ENTRY--PERSONAL NAME
Personal name Aroor, A. R.
245 ## - TITLE STATEMENT
Title Medical biochemistry
Statement of responsibility, etc Aroor, A. R.
260 ## - PUBLICATION, DISTRIBUTION, ETC. (IMPRINT)
Place of publication, distribution, etc New Delhi,India:
Name of publisher, distributor, etc Jaypee Brothers Medical Publishers,
Date of publication, distribution, etc 2011
300 ## - PHYSICAL DESCRIPTION
Extent 920 p.
546 ## - LANGUAGE NOTE
Language note EN
650 ## - SUBJECT ADDED ENTRY--TOPICAL TERM
Topical term or geographic name as entry element Clinical chemistry
942 ## - ADDED ENTRY ELEMENTS (KOHA)
Koha item type Books
Holdings
Withdrawn status Lost status Source of classification or shelving scheme Damaged status Not for loan Home library Current library Date acquired Total Checkouts Full call number Barcode Date last seen Date checked out Price effective from Koha item type
    Dewey Decimal Classification     UMT Health Sciences Campus UMT Health Sciences Campus 2015-01-07 13 616.0756 ARO-M 86617 2026-01-27 2025-12-29 2015-01-07 Books